01012nam a2200253 a 4500001000400000003001000004005001700014008004100031020001800072040002500090080002800115090002900143100002400172245018400196260003700380300003300417504003600450650004000486650004400526650003000570942001200600952013300612999001300745876BR-CuiBMT20231122030444.0231108s2014 mgba 000 0 por d a9788538403647 aBR-CuiBMTcBR-CuiBMT 22007a351.712:502.131.1 a351.712:502.131.1bB624l1 aBittencourt, Sidney10aLicitações sustentáveis :bo uso do poder de compra do estado fomentando o desenvolvimento nacional sustentável /cSidney Bittencourt ; prefácio Leonardo Coelho Ribeiro. aBelo Horizonte :bDelRey,c2014. axvii, 197 p. :bil. ;c23 cm aInclui bibliografia e índice. aLicitação sustentávelzBrasil aContratações sustentáveiszBrasil aÉtica ambientalzBrasil 2udccLV 00102udc4070aBIBTCEMTbBIBTCEMTd2023-11-22l0o351.712:502.131.1 B624lpBIBTCEMT23110821r2023-11-22tEx. 1w2023-11-22yLV c876d876